000 00294nam a22001337a 4500
008 170221b xxu||||| |||| 00| 0 eng d
020 _a9781574391916
041 _aeng
080 _249TH
_a615
100 _a5
101 _aSHF
245 _aAMERICAN DRUG INDEX
_cBILLUPS, N.F
942 _2udc
_cBK
999 _c5924
_d5924